00564nam a2200157 a 450000100100000000500170001000800410002704000250006824500430009326000340013630000200017071000850019004900090027595201050028499900170038900003076320250502073820.0110527s1982 dr 000 0 spa d aDO-SdBNPbspacBNPHU00aProyecto de desarrollo administrativo. aSanto Domingo :bONAP,c1982. a14 p. ;c22 cm.1 aRepública Dominicana.bOficina Nacional de Administración y Personal 926398 aBNPD 0010718PDaPDbPDcCTd2011-05-27iLF1l0o p30763-10r2020-06-25w2020-06-25yLFPDZNo se presta c30255d30255